LEADER 01314nam a2200301 i 4500 001 991001112429707536 008 110322s2011 it 000 0 ita d 020 $a9788856834642 035 $ab13962425-39ule_inst 040 $aSet. Economia - SAGA$bita 082 04$a338.433617632 245 00$aFondazioni bancarie, arte e cultura :$bruolo, risultati e prospettive alla luce di un'analisi territoriale /$ca cura di Chiara Leardini, Gina Rossi ; contributi di: Giovanni Antonio Sala ... [et al.] 260 $aMilano :$bFranco Angeli,$c2011 300 $a201 p. ;$c23 cm 440 0$aEconomia.$pRicerche ;$v833 504 $aBibliografia: p. 193-199 650 4$aBeni culturali$xConservazione 650 4$aFondazioni bancarie 700 1 $aLeardini, Chiara 700 1 $aRossi, Gina 700 1 $aSala, Giovanni Antonio 907 $a.b13962425$b05-04-11$c22-03-11 912 $a991001112429707536 945 $aLE025 ECO 338.4 LEA01.01$g1$i2025000240469$lle025$nProf. Nicola Di Cagno$o-$pE24.00$q-$rl$s- $t0$u4$v1$w4$x0$y.i15249384$z05-04-11 945 $aLE025 ECO 338.4 LEA01.01$g2$i2025000240476$lle025$o-$pE24.00$q-$rl$s- $t0$u4$v6$w4$x0$y.i15249396$z05-04-11 996 $aFondazioni bancarie, arte e cultura$9246071 997 $aUNISALENTO 998 $ale025$b22-03-11$cm$da $e-$fita$git $h0$i0 LEADER 04831nam 2200661Ia 450 001 9910784542703321 005 20230617004914.0 010 $a1-280-96121-X 010 $a9786610961214 010 $a0-08-047072-6 035 $a(CKB)1000000000364646 035 $a(EBL)286731 035 $a(OCoLC)476038756 035 $a(SSID)ssj0000227410 035 $a(PQKBManifestationID)11198791 035 $a(PQKBTitleCode)TC0000227410 035 $a(PQKBWorkID)10264949 035 $a(PQKB)10711279 035 $a(MiAaPQ)EBC286731 035 $a(Au-PeEL)EBL286731 035 $a(CaPaEBR)ebr10167025 035 $a(CaONFJC)MIL96121 035 $a(EXLCZ)991000000000364646 100 $a20050812d2005 uy 0 101 0 $aeng 135 $aur|n|---||||| 181 $ctxt 182 $cc 183 $acr 200 10$aPrinciples of molecular virology$b[electronic resource] /$fAlan J. Cann 205 $a4th ed. 210 $aAmsterdam ;$aBoston $cElsevier Academic Press$dc2005 215 $a1 online resource (332 p.) 300 $aDescription based upon print version of record. 311 $a0-12-158535-2 311 $a0-12-088787-8 320 $aIncludes bibliographical references and index. 327 $aFront Cover; Principles of Molecular Virology; Copyright Page; Contents; Preface to the fourth edition; Preface to the third edition; Preface to the second edition; Preface to the first edition; Chapter 1. Introduction; Viruses are Distinct from Living Organisms; The History of Virology; Living Host Systems; Cell Culture Methods; Serological/Immunological Methods; Ultrastructural Studies; 'Molecular Biology'; Further Reading; Chapter 2. Particles; The Function and FormatIon of Virus Particles; Capsid Symmetry and Virus Architecture; Enveloped Viruses; Complex Virus Structures 327 $aProtein?nucleic Acid Interactions and Genome PackagingVirus Receptors: Recognition and Binding; Other Interactions of the Virus Capsid with the Host Cell; Summary; Further Reading; Chapter 3. Genomes; The Structure and Complexity of Virus Genomes; Molecular Genetics; Virus Genetics; Virus Mutants; Suppression; Genetic Interactions Between Viruses; Nongenetic Interactions Between Viruses; 'Large' DNA Genomes; 'Small' DNA Genomes; Positive-Strand RNA Viruses; Negative-Strand RNA Viruses; Segmented and Multipartite Virus Genomes; Reverse Transcription and Transposition 327 $aEvolution and EpidemiologySummary; Further Reading; Chapter 4. Replication; Overview of Virus Replication; Investigation of Virus Replication; The Replication Cycle; Summary; Further Reading; Chapter 5. Expression; Expression of Genetic Information; Control of Prokaryote Gene Expression; Control of Expression in Bacteriophage ?; Control of Eukaryote Gene Expression; Transcriptional Control of Expression; Posttranscriptional Control of Expression; Summary; Further Reading; Chapter 6. Infection; Virus Infections of Plants; Immune Responses to Virus Infections in Animals; Viruses and Apoptosis 327 $aInterferonsEvasion of Immune Responses by Viruses; Virus?host Interactions; The Course of Virus Infections; Virus Vectors and Gene Therapy; Chemotherapy of Virus Infections; Summary; Further Reading; Chapter 7. Pathogenesis; Mechanisms of Cellular Injury; Viruses and Immunodeficiency; Virus-Related Diseases; Bacteriophages and Human Disease; Cell Transformation by Viruses; Viruses and Cancer; New and Emergent Viruses; Zoonoses; Bioterrorism; Summary; Further Reading; Chapter 8. Subviral Agents: Genomes Without Viruses, Viruses Without Genomes; Satellites and Viroids; Prions; Summary 327 $aFurther ReadingAppendix 1. Glossary And Abbreviations; Appendix 2. Classification of Subcellular Infectious Agents; Appendix 3. The History Of Virology; Index 330 $aPrinciples of Molecular Virology, Fourth Edition provides an essential introduction to modern virology in a clear and concise manner. It is a highly enjoyable and readable text with numerous illustrations that enhance the reader's understanding of important principles.* New material on virus structure, virus evolution, zoonoses, bushmeat, SARS and bioterrorism * Standard version includes CD-ROM with FLASH animations, virtual interactive tutorials and experiments, self-assessment questions, useful online resources, along with the glossary, classification of subcellular infect 606 $aMolecular virology 606 $aVirology 615 0$aMolecular virology. 615 0$aVirology. 676 $a579 676 $a579.2 676 $a579.2 21 700 $aCann$b Alan$01528714 801 0$bMiAaPQ 801 1$bMiAaPQ 801 2$bMiAaPQ 906 $aBOOK 912 $a9910784542703321 996 $aPrinciples of molecular virology$93772547 997 $aUNINA